000 00583cab a2200241 4500
001 X2010
008 090401t1995 xxu||||| |||| 00| 0 eng d
035 _a(Sirsi) u21112
041 _aeng
100 _aLandor, E.
245 _aColumn: Education
260 _c1995
350 _a0
490 _aCSM (Chartered Surveyor Monthly)
_v4(4) February 1995, 40(1)
650 _aEDUCATION POLICY REVIEW
650 _aGRADUATES
650 _aHIGHER EDUCATION
650 _aRECRUITMENT
650 _aWOMEN
690 _aECONOMIC AND SOCIAL
942 _n0
948 _c04/03/1997
999 _c14166
_d14166